|
|
|
|
| LEADER |
01593nam a2200385 a 4500 |
| 001 |
EBC478339 |
| 003 |
MiAaPQ |
| 005 |
20200520144314.0 |
| 006 |
m o d | |
| 007 |
cr cn||||||||| |
| 008 |
091002s2008 bcca sb 001 0 eng d |
| 020 |
|
|
|z 9780865716056 (paperback)
|
| 020 |
|
|
|z 9781550923636
|
| 035 |
|
|
|a (MiAaPQ)EBC478339
|
| 035 |
|
|
|a (Au-PeEL)EBL478339
|
| 035 |
|
|
|a (CaPaEBR)ebr10308914
|
| 035 |
|
|
|a (OCoLC)607907452
|
| 040 |
|
|
|a MiAaPQ
|c MiAaPQ
|d MiAaPQ
|
| 050 |
|
4 |
|a HD30.255
|b .I93 2008
|
| 100 |
1 |
|
|a Ivanko, John D.
|q (John Duane),
|d 1966-
|
| 245 |
1 |
0 |
|a ECOpreneuring
|h [electronic resource] :
|b putting purpose and the planet before profits /
|c John Ivanko & Lisa Kivirist.
|
| 260 |
|
|
|a Gabriola Island, B.C. :
|b New Society Publishers,
|c 2008.
|
| 300 |
|
|
|a xii, 211 p. :
|b ill. ;
|c 23 cm.
|
| 504 |
|
|
|a Includes bibliographical references (p. 199-202) and index.
|
| 505 |
0 |
|
|a pt. 1. Climate for change -- pt. 2. Green business administration -- pt. 3. Web of relationships.
|
| 533 |
|
|
|a Electronic reproduction. Ann Arbor, MI : ProQuest, 2015. Available via World Wide Web. Access may be limited to ProQuest affiliated libraries.
|
| 650 |
|
0 |
|a Business enterprises
|x Environmental aspects.
|
| 650 |
|
0 |
|a Industrial management
|x Environmental aspects.
|
| 650 |
|
0 |
|a Green marketing.
|
| 650 |
|
0 |
|a Entrepreneurship.
|
| 650 |
|
0 |
|a Social responsibility of business.
|
| 655 |
|
4 |
|a Electronic books.
|
| 700 |
1 |
|
|a Kivirist, Lisa.
|
| 710 |
2 |
|
|a ProQuest (Firm)
|
| 856 |
4 |
0 |
|u https://ebookcentral.proquest.com/lib/matrademy/detail.action?docID=478339
|z Click to View
|